| 000 | 00829nam a22002537a 4500 | ||
|---|---|---|---|
| 005 | 20250627110051.0 | ||
| 008 | 250623b mx |||||||| |||| 00| 0 spa d | ||
| 020 | _a9789706418432 (O.C.) | ||
| 020 | _a9789684367630 (v. 1) | ||
| 020 | _a9684367635 (v.1) | ||
| 020 | _a9789684367616 (v. 2) | ||
| 020 | _a9789706412430 (v. 3) | ||
| 050 | 0 | 4 |
_aPC4105 _bM37 r2010 |
| 050 | 0 | 4 |
_aPC4112 _bM37 1991 |
| 100 | 1 | _aMarín, Emilio. | |
| 245 | 1 | 0 |
_aGramática española _c / por Emilio Marín. |
| 250 | _a19a ed. | ||
| 260 |
_aMéxico : _bProgreso, _c1991. |
||
| 300 |
_av. : _bil. ; _c19 cm. |
||
| 504 | _aIncluye bibliografia e índice | ||
| 505 | 1 |
_tV. 1 Primer libro Para cuarto año de eseñanza elemental -- _tV. 2 Segundo libro Para 5º y 6º año de primaria. |
|
| 650 | 7 |
_2lemb _aEspañol _xGramática |
|
| 942 |
_2lcc _cLIB |
||
| 999 |
_c47526 _d47526 |
||